00798 2200277 4500001002100000005001700021008004100038020001800079035002500097040001200122082001200134084001400146100001700160245013600177250001100313260002400324300003700348650001000385700001600395700002200411700002100433850001200454990001800466990001800484990001800502INLIS00000000000562720150908170509.0  a979-25-1640-9 a0010-051500000000760 aYOPDYOG 223a394 a394 Mor A aMORRIS, Hugh aThe art of kissingb: indahnya ciumanc/ Hugh Morris; Penerjemah, Elvira Rosa dan Alfi Kurnianingsih; Penyunting, Uswatul Chabibah. aCet. 1 aJakartabRuasc2009 axvi, 112 hlm.b: ilus.c; 19 cm. aCinta aELVIRA Rosa aALFI Kurnianigsih aUSWATUL Chabibah aYOPDYOG a16421-PD/B.15 a16422-PD/B.15 a16423-PD/B.15